| 000 | 00617nam a2200181 4500 | ||
|---|---|---|---|
| 001 | 131767 | ||
| 003 | ES-MaACL | ||
| 005 | 20250812171205.0 | ||
| 007 | t| | ||
| 008 | 070214s1952 sp r ||||1| spa d | ||
| 100 | 1 |
_aRof Carballo, Juan, _d1905-1994 _998915 |
|
| 245 | 1 | 0 |
_aCerebro interno y mundo emocional / _cJuan Rof Carballo ; con un capĂtulo sobre psicocirugĂa por S. Obrador Alcalde. |
| 260 |
_aBarcelona : _bLabor, _c1952. |
||
| 300 |
_aXV, 516 p. : _bil. ; _c23 cm. |
||
| 700 | 1 |
_aObrador Alcalde, Sixto, _d1911-1978 _986417 |
|
| 852 |
_aES-MaACL _jD-8595 _bR.33433 |
||
| 999 |
_c131767 _d131767 |
||